[Event "Polar Capital Jersey op"]
[Site "St Helier"]
[Date "2018.04.01"]
[Round "2.9"]
[White "Woudsma, Martijn"]
[Black "Le Quang, Kim"]
[Result "0-1"]
[WhiteElo "2262"]
[BlackElo "2267"]
[PlyCount "50"]
[EventDate "2018.03.31"]
[EventType "swiss"]
[EventRounds "9"]
[EventCountry "JCI"]

1. e4 c5 2. Nf3 d6 3. d4 cxd4 4. Nxd4 Nf6 5. Nc3 Nc6 6. h3 e5 7. Nde2 Be6 8.
Bg5 Be7 9. f4 O-O 10. Qd2 Qa5 11. g4 exf4 12. Bxf4 Ne5 13. Nd4 Rfc8 14. Be2 Nc4
15. Bxc4 Rxc4 16. O-O-O Rac8 17. Nb3 Qa6 18. Rhe1 Rxc3 19. bxc3 d5 20. Kb1 Nxe4
21. Rxe4 dxe4 22. Be5 Qb5 23. Bd4 a5 24. Ka1 a4 25. Nc1 Bc4 0-1

[Event "Polar Capital Jersey op"]
[Site "St Helier"]
[Date "2018.04.01"]
[Round "2.10"]
[White "Byron, Alan M"]
[Black "Heppell, Ian N"]
[Result "1/2-1/2"]
[WhiteElo "2128"]
[BlackElo "2035"]
[PlyCount "32"]
[EventDate "2018.03.31"]
[EventType "swiss"]
[EventRounds "9"]
[EventCountry "JCI"]

1. e4 e5 2. Nf3 d6 3. d4 exd4 4. Nxd4 Nf6 5. Nc3 Be7 6. Bf4 O-O 7. Qd2 d5 8. e5
Nh5 9. Bg3 c5 10. Nb3 d4 11. Ne2 Nc6 12. f4 f6 13. exf6 Nxf6 14. Ng1 Be6 15.
Nf3 Ne4 16. Qe2 Bd5 1/2-1/2

[Event "Polar Capital Jersey op"]
[Site "St Helier"]
[Date "2018.04.01"]
[Round "2.11"]
[White "Bryant, Richard BE"]
[Black "Belzo, Krzysztof"]
[Result "1/2-1/2"]
[WhiteElo "1932"]
[BlackElo "2103"]
[PlyCount "88"]
[EventDate "2018.03.31"]
[EventType "swiss"]
[EventRounds "9"]
[EventCountry "JCI"]

1. e4 c5 2. Nc3 e6 3. f4 Nc6 4. Nf3 g6 5. Bb5 Nd4 6. Bd3 Bg7 7. Nxd4 cxd4 8.
Nb5 d6 9. c3 Qb6 10. Nxd4 e5 11. fxe5 dxe5 12. Nf3 Ne7 13. Qb3 Qc7 14. Ng5 O-O
15. O-O Nc6 16. Nxf7 Be6 17. Qxe6 Rxf7 18. Qxf7+ Qxf7 19. Rxf7 Kxf7 20. Bc4+
Ke7 21. d3 Nd8 22. Be3 Ne6 23. Rf1 b6 24. Bd5 Rc8 25. g3 Bf6 26. Bc4 Nc5 27.
Kg2 Rd8 28. Bxc5+ bxc5 29. g4 Rf8 30. b4 cxb4 31. cxb4 Bh4 32. Rxf8 Kxf8 33.
Kf1 h6 34. a4 Ke7 35. b5 Bg5 36. Ke2 Kd7 37. Bf7 Bf4 38. h3 g5 39. a5 Kc7 40.
Kd1 Bg3 41. Kc2 Be1 42. a6 Bf2 43. Kb3 Kd6 44. Kc4 Bb6 1/2-1/2

[Event "Polar Capital Jersey op"]
[Site "St Helier"]
[Date "2018.04.01"]
[Round "2.12"]
[White "Spanton, Tim R"]
[Black "House, Glenn L"]
[Result "0-1"]
[WhiteElo "1851"]
[BlackElo "2188"]
[PlyCount "120"]
[EventDate "2018.03.31"]
[EventType "swiss"]
[EventRounds "9"]
[EventCountry "JCI"]

1. Nf3 Nf6 2. c4 g6 3. Nc3 Bg7 4. e4 d6 5. d4 O-O 6. Be2 Na6 7. O-O e5 8. Re1
exd4 9. Nxd4 Nc5 10. f3 a5 11. Be3 Re8 12. Qd2 c6 13. Rad1 Qb6 14. Nb3 Bf8 15.
Nxc5 dxc5 16. Na4 Qa7 17. Qc3 Nh5 18. g4 Ng7 19. Qb3 Ne6 20. Nb6 Rb8 21. Nxc8
Rexc8 22. Rd7 Rd8 23. Red1 Nd4 24. Rxd8 Rxd8 25. Bxd4 cxd4 26. Bd3 Qb8 27. Qc2
Qf4 28. Qf2 Bd6 29. Kh1 Be5 30. Rg1 h6 31. Rd1 Kg7 32. Be2 Re8 33. Bd3 Rh8 34.
Rg1 h5 35. g5 Qe3 36. Qxe3 dxe3 37. Be2 Rd8 38. Rd1 Rxd1+ 39. Bxd1 Bxb2 40. f4
e2 41. Bxe2 Bc1 42. f5 Bxg5 43. fxg6 fxg6 44. Kg2 Kf6 45. Kf3 Ke5 46. Bd3 Bc1
47. h3 g5 48. a4 Ba3 49. Ke3 Bc5+ 50. Kd2 Kf4 51. Be2 g4 52. hxg4 hxg4 53. Ke1
g3 54. Kf1 Kxe4 55. Kg2 Bd6 56. Bf1 Ke3 57. Kh3 Kd2 58. c5 Bc7 59. Kg2 Kc3 60.
Be2 Kb4 0-1

[Event "Polar Capital Jersey op"]
[Site "St Helier"]
[Date "2018.04.01"]
[Round "2.13"]
[White "Mitchell, Martin"]
[Black "van Leusden, Dennis"]
[Result "1/2-1/2"]
[WhiteElo "2237"]
[BlackElo "2035"]
[PlyCount "102"]
[EventDate "2018.03.31"]
[EventType "swiss"]
[EventRounds "9"]
[EventCountry "JCI"]

1. d4 Nf6 2. c4 e6 3. Nc3 Bb4 4. e3 O-O 5. Nge2 Re8 6. a3 Bf8 7. Ng3 d5 8. Be2
b6 9. cxd5 exd5 10. b4 c6 11. O-O Ba6 12. Bxa6 Nxa6 13. Qa4 Nb8 14. b5 cxb5 15.
Qxb5 a6 16. Qb3 Nc6 17. Na4 b5 18. Nc5 Na5 19. Qd3 Qb6 20. Rd1 Nc4 21. Nb3 Rac8
22. Nd2 Rc7 23. Ndf1 Rec8 24. e4 dxe4 25. Nxe4 Nxe4 26. Qxe4 Nd6 27. Qd5 Qc6
28. Ne3 Rd7 29. Qb3 Nc4 30. a4 Na5 31. Qd3 bxa4 32. d5 Qb5 33. Rb1 Nb3 34. Bb2
Qxd3 35. Rxd3 Rcd8 36. Bd4 Nxd4 37. Rxd4 Bc5 38. Rxa4 Bxe3 39. fxe3 Rxd5 40.
Rxa6 g6 41. Rab6 Kg7 42. Rb7 Rf5 43. Rf1 Rxf1+ 44. Kxf1 Rd2 45. Ra7 g5 46. h3
Kg6 47. Ra6+ f6 48. Rb6 h5 49. Ra6 g4 50. hxg4 hxg4 51. g3 Kg5 1/2-1/2

[Event "Polar Capital Jersey op"]
[Site "St Helier"]
[Date "2018.04.01"]
[Round "2.14"]
[White "Safarian, Alek"]
[Black "Klingher, Dominic"]
[Result "0-1"]
[WhiteElo "2024"]
[BlackElo "2173"]
[PlyCount "100"]
[EventDate "2018.03.31"]
[EventType "swiss"]
[EventRounds "9"]
[EventCountry "JCI"]

1. d4 Nf6 2. c4 g6 3. Nc3 Bg7 4. e4 d6 5. f3 O-O 6. Be3 e5 7. d5 c6 8. dxc6
bxc6 9. Qd2 Qc7 10. Rd1 Rd8 11. Nge2 Be6 12. Nc1 d5 13. cxd5 cxd5 14. Be2 Nc6
15. exd5 Nxd5 16. Nxd5 Bxd5 17. Qc2 Qa5+ 18. Qc3 Qa4 19. b3 Qh4+ 20. Bf2 Qg5
21. Rxd5 Rxd5 22. Qxc6 Qd2+ 23. Kf1 Rad8 24. Be1 Qe3 25. Qc3 Qxc3 26. Bxc3 Rc5
27. Bb2 Rc2 28. Ba3 Bf8 29. Bd3 Rxd3 30. Nxd3 Bxa3 31. g3 f6 32. Rg1 Rd2 33.
Ne1 Rxa2 34. Rg2 Ra1 35. Ke2 Rb1 36. Nd3 Rxb3 37. Rg1 a5 38. Kd2 Bb4+ 39. Ke2
Rc3 40. Rb1 Rc2+ 41. Ke3 Bd2+ 42. Ke2 Bg5+ 43. Kf1 Rxh2 44. Nf2 Be3 45. Rb8+
Kf7 46. Ng4 Rh1+ 47. Ke2 Bd4 48. Ra8 f5 49. Ne3 Rh2+ 50. Kd3 Bxe3 0-1

[Event "Polar Capital Jersey op"]
[Site "St Helier"]
[Date "2018.04.01"]
[Round "2.15"]
[White "Stewart, Ashley"]
[Black "Verma, Aditya"]
[Result "1/2-1/2"]
[WhiteElo "2148"]
[BlackElo "2002"]
[PlyCount "64"]
[EventDate "2018.03.31"]
[EventType "swiss"]
[EventRounds "9"]
[EventCountry "JCI"]

1. c4 e6 2. g3 f5 3. Bg2 Nf6 4. Nc3 Be7 5. e3 O-O 6. Nge2 a5 7. O-O c6 8. b3 d6
9. d3 e5 10. f4 Na6 11. Qd2 Qc7 12. Bb2 Rd8 13. e4 fxe4 14. dxe4 Qb6+ 15. Kh1
Nc5 16. Rab1 Bg4 17. h3 Bxe2 18. Qxe2 Ne6 19. Na4 Qc7 20. Qf2 c5 21. Nc3 Nd4
22. fxe5 dxe5 23. Nd5 Qd6 24. Rbe1 Rf8 25. Qd2 Nxd5 26. cxd5 b6 27. h4 Qg6 28.
Kh2 Bd6 29. Qd3 Qg4 30. Rxf8+ Rxf8 31. Rf1 g5 32. Rxf8+ Kxf8 1/2-1/2

[Event "Polar Capital Jersey op"]
[Site "St Helier"]
[Date "2018.04.01"]
[Round "2.16"]
[White "Pitcher, Thomas"]
[Black "Jackson, Sheila"]
[Result "1-0"]
[WhiteElo "1910"]
[BlackElo "2108"]
[PlyCount "143"]
[EventDate "2018.03.31"]
[EventType "swiss"]
[EventRounds "9"]
[EventCountry "JCI"]

1. e4 e5 2. Nf3 Nc6 3. Bb5 a6 4. Ba4 Nf6 5. O-O Be7 6. Qe2 b5 7. Bb3 d6 8. c3
O-O 9. d3 Na5 10. Bc2 c5 11. Rd1 Qc7 12. Nbd2 h6 13. Nf1 Be6 14. Ng3 Rfe8 15.
Nh4 Bf8 16. Nhf5 Kh7 17. Qf3 Ng8 18. b3 Nc6 19. d4 cxd4 20. cxd4 Nb4 21. Bb1 g6
22. Ba3 a5 23. d5 Bc8 24. Rc1 Qd7 25. Bxb4 axb4 26. Ne3 Bg7 27. Nc2 Qc7 28. Qe3
Qc3 29. Qxc3 bxc3 30. Nb4 Bd7 31. Bd3 Rec8 32. Ne2 c2 33. Rxc2 Rxc2 34. Nxc2 f5
35. f3 fxe4 36. fxe4 Nf6 37. Nb4 Rc8 38. Rc1 Rxc1+ 39. Nxc1 h5 40. Ne2 Bh6 41.
h3 Bd2 42. Nc6 b4 43. Kf2 Kg7 44. Na5 Ne8 45. Nc4 Bg5 46. Ng1 Bd8 47. Nf3 Kf7
48. Ne1 Ke7 49. Nc2 Nc7 50. Nxb4 Nb5 51. Nc2 Bc7 52. a4 Na7 53. Nb2 Bb6+ 54.
Ke2 g5 55. b4 g4 56. hxg4 Bxg4+ 57. Kd2 h4 58. Nc4 Bg1 59. b5 Nc8 60. N2e3 h3
61. gxh3 Bxh3 62. b6 Nxb6 63. Nxb6 Kd8 64. a5 Kc7 65. Nbc4 Bc8 66. Ke2 Bh2 67.
Nf5 Bf4 68. Ncxd6 Bd7 69. Bb5 Bxb5+ 70. Nxb5+ Kb7 71. Nbd6+ Ka6 72. Nc4 1-0

[Event "Polar Capital Jersey op"]
[Site "St Helier"]
[Date "2018.04.01"]
[Round "2.17"]
[White "Okhai, Shabir"]
[Black "Kahn, Tito"]
[Result "1/2-1/2"]
[WhiteElo "2090"]
[BlackElo "1897"]
[PlyCount "50"]
[EventDate "2018.03.31"]
[EventType "swiss"]
[EventRounds "9"]
[EventCountry "JCI"]

1. e4 e6 2. d4 d5 3. Nd2 c5 4. exd5 Qxd5 5. Ngf3 cxd4 6. Bc4 Qd6 7. O-O Nc6 8.
Nb3 Nf6 9. Nbxd4 Nxd4 10. Qxd4 a6 11. Be3 Qxd4 12. Bxd4 b5 13. Be2 Bb7 14. a4
b4 15. Ne5 Be7 16. Nc4 O-O 17. Bd3 Nd7 18. Rfd1 Nc5 19. Bf1 Be4 20. Ne3 Rfc8
21. b3 Bg5 22. Rac1 Rc6 23. h4 Be7 24. g3 Rac8 25. Nc4 g5 1/2-1/2

[Event "Polar Capital Jersey op"]
[Site "St Helier"]
[Date "2018.04.01"]
[Round "2.18"]
[White "Wojciechowski, Paul"]
[Black "Held, Thomas"]
[Result "1-0"]
[WhiteElo "1895"]
[BlackElo "2056"]
[PlyCount "73"]
[EventDate "2018.03.31"]
[EventType "swiss"]
[EventRounds "9"]
[EventCountry "JCI"]

1. e4 e6 2. d4 d5 3. Nd2 Nf6 4. e5 Nfd7 5. Bd3 c5 6. c3 Nc6 7. Ne2 cxd4 8. cxd4
f6 9. exf6 Nxf6 10. Nf3 Bd6 11. O-O Qc7 12. Bg5 O-O 13. Rc1 a6 14. Bh4 Nh5 15.
Bg3 Nf4 16. Nxf4 Bxf4 17. Re1 Qb6 18. Bxf4 Rxf4 19. Qd2 Rxf3 20. gxf3 Nxd4 21.
Kg2 Bd7 22. Rc3 Rf8 23. Bb1 Nb5 24. Rb3 Qd8 25. Rb4 Qf6 26. Qd3 Qh6 27. Re5 Nd6
28. Qe3 Qf6 29. Bd3 Nf7 30. Rh5 g6 31. Rf4 Qg7 32. Rg4 Kh8 33. Bxg6 e5 34.
Rxh7+ Qxh7 35. Bxh7 Bxg4 36. fxg4 Kxh7 37. Qd3+ 1-0

[Event "Polar Capital Jersey op"]
[Site "St Helier"]
[Date "2018.04.01"]
[Round "2.19"]
[White "Ahluwalia, Amardip"]
[Black "Jaufarally, Nadia"]
[Result "1-0"]
[WhiteElo "2052"]
[BlackElo "1849"]
[PlyCount "73"]
[EventDate "2018.03.31"]
[EventType "swiss"]
[EventRounds "9"]
[EventCountry "JCI"]

1. e4 c5 2. Nc3 e6 3. f4 a6 4. Nf3 Nc6 5. d3 g6 6. g3 d5 7. Qe2 Nge7 8. Bg2 Bg7
9. O-O O-O 10. Nd1 f5 11. Nf2 Qc7 12. Rb1 b5 13. Re1 h6 14. exd5 exd5 15. Be3
d4 16. Bd2 Bd7 17. Ne5 Rae8 18. Nxd7 Qxd7 19. Qe6+ Qxe6 20. Rxe6 Nb8 21. Rbe1
Kf7 22. g4 Bf6 23. g5 Bg7 24. Ba5 hxg5 25. fxg5 Rh8 26. Bd2 Bf8 27. Bd5 Kg7 28.
Bf4 Rd8 29. Be5+ Kh7 30. Bxh8 Nxd5 31. Bf6 Nxf6 32. Rxf6 a5 33. Rfe6 Bg7 34.
Nh3 Nd7 35. Nf4 Ne5 36. R1xe5 Bxe5 37. Rxe5 1-0

[Event "Polar Capital Jersey op"]
[Site "St Helier"]
[Date "2018.04.01"]
[Round "2.20"]
[White "Pugh, Glyn D"]
[Black "Hewson, Brian Wr"]
[Result "0-1"]
[WhiteElo "1847"]
[BlackElo "2044"]
[PlyCount "86"]
[EventDate "2018.03.31"]
[EventType "swiss"]
[EventRounds "9"]
[EventCountry "JCI"]

1. d4 Nf6 2. c4 e6 3. Nc3 d5 4. Nf3 c6 5. e3 Nbd7 6. Qc2 Bd6 7. Bd2 O-O 8. Bd3
Re8 9. cxd5 exd5 10. O-O Qe7 11. g3 Ne4 12. Ne1 Ndf6 13. Ng2 Bh3 14. Rae1 Qd7
15. Bc1 Rac8 16. f3 Nxc3 17. bxc3 c5 18. Qb2 Red8 19. Rd1 cxd4 20. cxd4 Be7 21.
Rf2 Bxg2 22. Kxg2 Ne8 23. Qb1 g6 24. Qb3 Bf6 25. Rb2 b6 26. Bd2 Nc7 27. Rc1 Ne6
28. Rbc2 Rxc2 29. Rxc2 Ng5 30. g4 h5 31. h3 hxg4 32. hxg4 Kg7 33. Bb5 Qd6 34.
Bb4 Qb8 35. Rc6 Rh8 36. Bd6 Qg8 37. Bg3 Qh7 38. Rc1 Qh3+ 39. Kf2 Ne4+ 40. fxe4
Bh4 41. Rg1 Qh2+ 42. Rg2 Bxg3+ 43. Kf3 dxe4+ 0-1

[Event "Polar Capital Jersey op"]
[Site "St Helier"]
[Date "2018.04.02"]
[Round "3.1"]
[White "Williams, Simon K"]
[Black "Pruijssers, Roeland"]
[Result "1/2-1/2"]
[WhiteElo "2460"]
[BlackElo "2523"]
[PlyCount "84"]
[EventDate "2018.03.31"]
[EventType "swiss"]
[EventRounds "9"]
[EventCountry "JCI"]

1. d4 f5 2. Nh3 Nf6 3. Nf4 e6 4. g3 d6 5. Nc3 d5 6. Nb1 c5 7. c3 Nc6 8. Bg2 Bd6
9. O-O O-O 10. b3 cxd4 11. cxd4 Qb6 12. e3 Bd7 13. Nc3 a5 14. Na4 Qa7 15. Nd3
b6 16. Bb2 Rfc8 17. a3 Nd8 18. Nc3 Ne4 19. Ne2 Bb5 20. f3 Qa6 21. Nec1 Nf6 22.
a4 Be8 23. Rf2 Qa7 24. Ba3 Bxa3 25. Rxa3 Qe7 26. Ra1 Nf7 27. Ne2 g5 28. Qd2 g4
29. fxg4 Nxg4 30. Rff1 Ng5 31. Nef4 Ne4 32. Bxe4 dxe4 33. Nf2 Nf6 34. Rac1 Bf7
35. Rc3 e5 36. dxe5 Qxe5 37. Rfc1 Rxc3 38. Rxc3 Nd5 39. Nxd5 Qxd5 40. Qc2 Rd8
41. Rc8 Be6 42. Rxd8+ Qxd8 1/2-1/2

[Event "Polar Capital Jersey op"]
[Site "St Helier"]
[Date "2018.04.02"]
[Round "3.2"]
[White "Hillarp Persson, Tiger"]
[Black "Merry, Alan B"]
[Result "1/2-1/2"]
[WhiteElo "2541"]
[BlackElo "2436"]
[PlyCount "47"]
[EventDate "2018.03.31"]
[EventType "swiss"]
[EventRounds "9"]
[EventCountry "JCI"]

1. d4 Nf6 2. c4 e6 3. Nf3 Bb4+ 4. Nbd2 b6 5. a3 Bxd2+ 6. Qxd2 O-O 7. e3 d5 8.
b3 a5 9. Bb2 Ba6 10. Rc1 Nbd7 11. Bd3 c5 12. cxd5 Bxd3 13. Qxd3 exd5 14. dxc5
Nxc5 15. Qc2 Nfe4 16. O-O Qd7 17. Rfd1 Rfc8 18. b4 axb4 19. axb4 Na4 20. Qb3
Nxb2 21. Qxb2 Rxc1 22. Rxc1 Rc8 23. Rxc8+ Qxc8 24. Nd4 1/2-1/2

[Event "Polar Capital Jersey op"]
[Site "St Helier"]
[Date "2018.04.02"]
[Round "3.3"]
[White "Le Quang, Kim"]
[Black "Vakhidov, Jakhongir"]
[Result "0-1"]
[WhiteElo "2267"]
[BlackElo "2542"]
[PlyCount "58"]
[EventDate "2018.03.31"]
[EventType "swiss"]
[EventRounds "9"]
[EventCountry "JCI"]

1. c4 g6 2. g3 Bg7 3. Bg2 c5 4. Nc3 Nc6 5. a3 e6 6. Rb1 Nge7 7. e4 d5 8. cxd5
exd5 9. exd5 Ne5 10. d3 O-O 11. Nge2 Bf5 12. Be4 Qd7 13. f4 Ng4 14. h3 Nf6 15.
g4 Bxe4 16. dxe4 Rad8 17. Ng3 Ne8 18. Be3 b6 19. g5 Nd6 20. Qd3 f6 21. gxf6
Bxf6 22. Ke2 Bxc3 23. bxc3 Nxe4 24. Nxe4 Nxd5 25. Qc4 Qf5 26. Kf3 Kh8 27. Ng3
Nxe3 28. Kxe3 Qc2 29. Ne4 Rd4 0-1

[Event "Polar Capital Jersey op"]
[Site "St Helier"]
[Date "2018.04.02"]
[Round "3.4"]
[White "Speelman, Jon S"]
[Black "Wadsworth, Matthew J"]
[Result "1/2-1/2"]
[WhiteElo "2501"]
[BlackElo "2354"]
[PlyCount "65"]
[EventDate "2018.03.31"]
[EventType "swiss"]
[EventRounds "9"]
[EventCountry "JCI"]

1. d4 d5 2. c4 c6 3. cxd5 cxd5 4. Bf4 Nc6 5. Nc3 Nf6 6. e3 Bf5 7. Qb3 Na5 8.
Qa4+ Bd7 9. Qc2 Rc8 10. Bd3 e6 11. Nf3 Be7 12. O-O O-O 13. Ne5 a6 14. Qe2 b5
15. Rac1 Nc4 16. b3 Nd6 17. a4 Qa5 18. Qb2 Be8 19. axb5 axb5 20. Bg5 h6 21.
Bxf6 gxf6 22. Nf3 f5 23. g3 b4 24. Ne2 Bb5 25. Ra1 Qb6 26. Bxb5 Nxb5 27. Ne5
Rc7 28. Rfc1 Rfc8 29. Rxc7 Qxc7 30. Rc1 Nc3 31. Kg2 Bd6 32. Nd3 Qa5 33. h3
1/2-1/2

[Event "Polar Capital Jersey op"]
[Site "St Helier"]
[Date "2018.04.02"]
[Round "3.5"]
[White "Hebden, Mark L"]
[Black "L'Ami, Alina"]
[Result "1/2-1/2"]
[WhiteElo "2454"]
[BlackElo "2306"]
[PlyCount "119"]
[EventDate "2018.03.31"]
[EventType "swiss"]
[EventRounds "9"]
[EventCountry "JCI"]

1. d4 Nf6 2. Bg5 c5 3. d5 d6 4. Nc3 b5 5. e4 b4 6. Bxf6 gxf6 7. Bb5+ Bd7 8.
Bxd7+ Qxd7 9. Nce2 f5 10. Qd3 fxe4 11. Qxe4 Bg7 12. c3 Qb7 13. Nf3 Nd7 14. Rd1
Nf6 15. Qc4 a5 16. Ng3 Qa6 17. Qxa6 Rxa6 18. Nf5 Bf8 19. O-O e6 20. Rfe1 Kd7
21. Ne3 Be7 22. c4 Rg8 23. h3 a4 24. Rd3 Nh5 25. Kh2 Bf6 26. Rb1 e5 27. Rdd1 e4
28. Nd2 Re8 29. g3 Bd4 30. Re1 Ng7 31. g4 Re5 32. Re2 Ra8 33. Ndf1 f5 34. gxf5
Nxf5 35. Ng4 Re7 36. Ng3 Nxg3 37. fxg3 Rf8 38. Kg2 h5 39. Ne3 Rf3 40. Rbe1 Ref7
41. Nd1 Rg7 42. g4 hxg4 43. Rxe4 Rxh3 44. Rxg4 Rxg4+ 45. Kxh3 Rg7 46. b3 axb3
47. axb3 Be5 48. Re3 Rg1 49. Nf2 Bd4 50. Rf3 Bxf2 51. Rxf2 Rc1 52. Kg4 Rc3 53.
Rb2 Ke7 54. Kf5 Rf3+ 55. Ke4 Rh3 56. Rb1 Rh4+ 57. Kd3 Rh3+ 58. Ke4 Rg3 59. Kf4
Rh3 60. Ke4 1/2-1/2

[Event "Polar Capital Jersey op"]
[Site "St Helier"]
[Date "2018.04.02"]
[Round "3.6"]
[White "Arkell, Keith C"]
[Black "Vogt, Lothar"]
[Result "1/2-1/2"]
[WhiteElo "2413"]
[BlackElo "2402"]
[PlyCount "88"]
[EventDate "2018.03.31"]
[EventType "swiss"]
[EventRounds "9"]
[EventCountry "JCI"]

1. d4 Nf6 2. Nf3 g6 3. c4 Bg7 4. g3 O-O 5. Bg2 d6 6. O-O Nbd7 7. Nc3 e5 8. e4
exd4 9. Nxd4 Re8 10. h3 Nc5 11. Re1 Bd7 12. Bf4 h6 13. Rb1 Ne6 14. Nxe6 Bxe6
15. Nd5 Nh5 16. Bd2 c6 17. Ne3 Kh7 18. Bb4 c5 19. Bc3 Bxc3 20. bxc3 Qd7 21. Qf3
b6 22. Rbd1 Qe7 23. Rd3 Rad8 24. Red1 Ng7 25. g4 h5 26. Qg3 h4 27. Qh2 g5 28.
Rxd6 Rxd6 29. Qxd6 Qxd6 30. Rxd6 Kg8 31. Nd5 Kf8 32. Nf6 Rc8 33. e5 Bxc4 34.
Rd7 Ne6 35. Rxa7 Rd8 36. Nd7+ Kg7 37. Nxb6 Rd1+ 38. Kh2 Bf1 39. Rd7 Rb1 40.
Bxf1 Rxf1 41. Rd2 Rb1 42. Nc4 Rc1 43. Ne3 Rxc3 44. Nd5 Rc1 1/2-1/2

[Event "Polar Capital Jersey op"]
[Site "St Helier"]
[Date "2018.04.02"]
[Round "3.8"]
[White "Rudd, Jack"]
[Black "Ahluwalia, Amardip"]
[Result "0-1"]
[WhiteElo "2276"]
[BlackElo "2052"]
[PlyCount "56"]
[EventDate "2018.03.31"]
[EventType "swiss"]
[EventRounds "9"]
[EventCountry "JCI"]

1. d4 Nf6 2. c4 g6 3. Nc3 d5 4. Nf3 Bg7 5. Qb3 dxc4 6. Qxc4 O-O 7. e4 a6 8. e5
b5 9. Qb3 Nfd7 10. h4 c5 11. h5 cxd4 12. hxg6 hxg6 13. Ne4 Nxe5 14. Nfg5 Nbc6
15. Qg3 f6 16. f4 fxg5 17. fxe5 Nxe5 18. Nxg5 Qd5 19. Qh4 Rf6 20. Bd2 Bf5 21.
Bb4 Nc6 22. Bd2 Bc2 23. Be2 Qe5 24. Nf3 Rxf3 25. gxf3 d3 26. Rh2 Nd4 27. Qh7+
Kf7 28. f4 Nf3+ 0-1

[Event "Polar Capital Jersey op"]
[Site "St Helier"]
[Date "2018.04.02"]
[Round "3.9"]
[White "Belzo, Krzysztof"]
[Black "Woudsma, Martijn"]
[Result "0-1"]
[WhiteElo "2103"]
[BlackElo "2262"]
[PlyCount "80"]
[EventDate "2018.03.31"]
[EventType "swiss"]
[EventRounds "9"]
[EventCountry "JCI"]

1. d4 Nf6 2. g3 g6 3. Bg2 Bg7 4. c4 O-O 5. Nc3 d6 6. Nf3 Nbd7 7. O-O e5 8. h3
c6 9. e4 Qc7 10. Re1 a6 11. Be3 b5 12. dxe5 dxe5 13. cxb5 axb5 14. Qc1 Qb8 15.
Bh6 Bb7 16. Qg5 b4 17. Nd1 c5 18. Nh4 Bxh6 19. Qxh6 Ra6 20. Ne3 Kh8 21. Nc4 Ng8
22. Qe3 Rc8 23. Red1 Nf8 24. Nf3 f6 25. g4 Ne6 26. g5 Nd4 27. Rac1 Re8 28. gxf6
Rxf6 29. Na5 Ref8 30. Nxd4 cxd4 31. Qg3 Ba8 32. Rd2 Qb5 33. Nc4 Rf4 34. b3 Nf6
35. Nd6 Qa6 36. Nc4 Qe6 37. Qg5 Nxe4 38. Bxe4 Rxe4 39. Qg3 Qf6 40. Rdd1 Rf4 0-1

[Event "Polar Capital Jersey op"]
[Site "St Helier"]
[Date "2018.04.02"]
[Round "3.10"]
[White "Kabos, Tobias"]
[Black "Modi, Shyam Jagdish"]
[Result "1-0"]
[WhiteElo "2253"]
[BlackElo "1945"]
[PlyCount "51"]
[EventDate "2018.03.31"]
[EventType "swiss"]
[EventRounds "9"]
[EventCountry "JCI"]

1. d4 Nf6 2. c4 g6 3. Nc3 Bg7 4. e4 d6 5. Be2 O-O 6. Be3 e5 7. d5 Na6 8. g4 Nc5
9. f3 h5 10. g5 Nh7 11. h4 f6 12. Qd2 fxg5 13. hxg5 Rf4 14. Bxf4 exf4 15. Qxf4
Be5 16. Qh4 Qf8 17. O-O-O Bf4+ 18. Kc2 Bxg5 19. Qf2 Bf4 20. Bd3 Ng5 21. Nge2
Be5 22. Qg2 Nxf3 23. Qxg6+ Qg7 24. Qe8+ Qf8 25. Qxf8+ Kxf8 26. Rdf1 1-0

[Event "Polar Capital Jersey op"]
[Site "St Helier"]
[Date "2018.04.02"]
[Round "3.11"]
[White "House, Glenn L"]
[Black "Bryant, Richard BE"]
[Result "1/2-1/2"]
[WhiteElo "2188"]
[BlackElo "1932"]
[PlyCount "101"]
[EventDate "2018.03.31"]
[EventType "swiss"]
[EventRounds "9"]
[EventCountry "JCI"]

1. Nf3 f5 2. d3 d5 3. g3 e6 4. Bg2 Nf6 5. O-O Be7 6. Nbd2 O-O 7. c4 c6 8. b3
Ng4 9. h3 Bf6 10. hxg4 Bxa1 11. Ba3 Bf6 12. Bxf8 Qxf8 13. e4 dxe4 14. dxe4 fxg4
15. Nh2 Bd4 16. Qxg4 e5 17. Qh4 Nd7 18. Ndf3 Bb6 19. Bh3 Qf6 20. Qh5 g6 21. Qh6
Nc5 22. Bxc8 Rxc8 23. Ng5 Qg7 24. Qxg7+ Kxg7 25. b4 Bd8 26. Nhf3 Bxg5 27. Nxg5
h6 28. bxc5 hxg5 29. Rd1 Rc7 30. Rd6 Re7 31. Kg2 Kh6 32. Kf3 Kh5 33. a4 g4+ 34.
Ke2 Kg5 35. Rd8 Kf6 36. Ke3 Kg5 37. Ra8 a6 38. Rd8 Kf6 39. Rd6+ Kg5 40. Ke2 Kh6
41. Ke1 Kg5 42. Ke2 Kh6 43. Ke1 Kg5 44. Rd2 Kh5 45. Kd1 Kg5 46. Ke2 Kf6 47. Rd8
Kg5 48. Rf8 Kh6 49. Rh8+ Kg5 50. Ke3 Kf6 51. Rd8 1/2-1/2

[Event "Polar Capital Jersey op"]
[Site "St Helier"]
[Date "2018.04.02"]
[Round "3.12"]
[White "Klingher, Dominic"]
[Black "Pitcher, Thomas"]
[Result "1-0"]
[WhiteElo "2173"]
[BlackElo "1910"]
[PlyCount "79"]
[EventDate "2018.03.31"]
[EventType "swiss"]
[EventRounds "9"]
[EventCountry "JCI"]

1. e4 e6 2. d3 d5 3. Nd2 Nf6 4. Ngf3 c5 5. g3 Nc6 6. Bg2 Be7 7. O-O O-O 8. Re1
dxe4 9. dxe4 e5 10. c3 Qc7 11. Qc2 Rd8 12. Nf1 h6 13. Ne3 Be6 14. Nh4 Rd7 15.
h3 Rad8 16. Nef5 Bf8 17. g4 g5 18. Nf3 Bxf5 19. gxf5 Qd6 20. Bf1 a6 21. a4 Na5
22. Be3 c4 23. Rad1 Qc7 24. Rxd7 Rxd7 25. Rd1 b5 26. axb5 axb5 27. Rxd7 Nxd7
28. h4 g4 29. Nh2 h5 30. f3 Bc5 31. Bxc5 Qxc5+ 32. Kh1 Qe3 33. Qd1 Nf6 34. fxg4
Qxe4+ 35. Bg2 Qd3 36. Qa1 Nb3 37. Qa8+ Kh7 38. g5 Qd1+ 39. Nf1 Ng4 40. Qe8 1-0

[Event "Polar Capital Jersey op"]
[Site "St Helier"]
[Date "2018.04.02"]
[Round "3.13"]
[White "Modi, Kishan J"]
[Black "Byron, Alan M"]
[Result "1/2-1/2"]
[WhiteElo "1850"]
[BlackElo "2128"]
[PlyCount "60"]
[EventDate "2018.03.31"]
[EventType "swiss"]
[EventRounds "9"]
[EventCountry "JCI"]

1. e4 c5 2. Nf3 e6 3. d4 cxd4 4. Nxd4 a6 5. c4 Nc6 6. Nc3 Nf6 7. Be3 d6 8. Be2
Be7 9. O-O O-O 10. Rc1 Bd7 11. Qc2 Rc8 12. Nxc6 Bxc6 13. Qb1 a5 14. Rfd1 Nd7
15. a3 a4 16. Nd5 Qe8 17. Nxe7+ Qxe7 18. Qd3 Nc5 19. Qxd6 Qxd6 20. Rxd6 Nxe4
21. Rd3 Rfd8 22. Rxd8+ Rxd8 23. Rd1 Rc8 24. f3 Nf6 25. Kf2 Nd7 26. Rb1 Kf8 27.
b4 axb3 28. Rxb3 Ke7 29. g4 f6 30. h4 g6 1/2-1/2

[Event "Polar Capital Jersey op"]
[Site "St Helier"]
[Date "2018.04.02"]
[Round "3.14"]
[White "Mitchell, Martin"]
[Black "Wojciechowski, Paul"]
[Result "1-0"]
[WhiteElo "2237"]
[BlackElo "1895"]
[PlyCount "132"]
[EventDate "2018.03.31"]
[EventType "swiss"]
[EventRounds "9"]
[EventCountry "GCI"]

1. d4 Nf6 2. c4 g6 3. Nc3 d5 4. Bf4 Bg7 5. e3 O-O 6. Rc1 c6 7. Bd3 Nbd7 8. Nf3
dxc4 9. Bxc4 Nb6 10. Bb3 Bf5 11. O-O Nbd5 12. Be5 Rc8 13. Qe2 Bg4 14. e4 Nxc3
15. bxc3 e6 16. h3 Bxf3 17. Qxf3 Nd7 18. Bd6 Re8 19. Rcd1 Qb6 20. Bg3 Qa5 21.
Rfe1 b5 22. Re2 Nb6 23. Bd6 Bf8 24. Bxf8 Rxf8 25. h4 Nc4 26. h5 Qd8 27. Bxc4
bxc4 28. Rb2 Qg5 29. Rb7 Qxh5 30. Qxh5 gxh5 31. Rxa7 Ra8 32. Rc7 Rxa2 33. Rxc6
Rb8 34. Rxc4 Rbb2 35. Rf1 Rc2 36. Rc5 Ra3 37. d5 exd5 38. Rxd5 Raxc3 39. Rxh5
Rc4 40. f3 f6 41. Ra1 Rc1+ 42. Rxc1 Rxc1+ 43. Kh2 Kg7 44. Ra5 Rc2 45. Kh3 h6
46. g4 Rc3 47. Kg3 Rb3 48. e5 fxe5 49. Rxe5 Rc3 50. Re6 Rb3 51. Kf4 Rb5 52. Re5
Rb6 53. Kf5 Rf6+ 54. Ke4 Ra6 55. Kf4 Rb6 56. Kg3 Rc6 57. Re1 Rc5 58. Rf1 Kg6
59. Kh4 Rc2 60. f4 Rh2+ 61. Kg3 Ra2 62. Rb1 Ra3+ 63. Kh4 Ra2 64. f5+ Kf7 65.
Re1 Rh2+ 66. Kg3 Rb2 {time} 1-0